5HLuxD.jpg

KING HENRY VIII SENIOR AND PRIMARY SCHOOL LIBRARY OPAC

The watch that ends the night : (Record no. 176)

000 -LEADER
fixed length control field 01261cam a22003377a 4500
001 - CONTROL NUMBER
control field 18136976
003 - CONTROL NUMBER IDENTIFIER
control field OSt
005 - DATE AND TIME OF LATEST TRANSACTION
control field 20190729150024.0
008 - FIXED-LENGTH DATA ELEMENTS--GENERAL INFORMATION
fixed length control field 140502r20132011mau d b 000 1 eng
010 ## - LIBRARY OF CONGRESS CONTROL NUMBER
LC control number 2014381754
020 ## - INTERNATIONAL STANDARD BOOK NUMBER
International Standard Book Number 9780763663315
040 ## - CATALOGING SOURCE
Original cataloging agency DLC
Transcribing agency DLC
Modifying agency DLC
042 ## - AUTHENTICATION CODE
Authentication code lcac
-- pcc
082 00 - DEWEY DECIMAL CLASSIFICATION NUMBER
Classification number FIC WOL
Edition number 23
100 1# - MAIN ENTRY--PERSONAL NAME
Personal name Wolf, Allan.
Relator term author
245 14 - TITLE STATEMENT
Title The watch that ends the night :
Remainder of title voices from the Titanic /
Statement of responsibility, etc. Allan Wolf.
250 ## - EDITION STATEMENT
Edition statement 1st pbk. ed.
260 ## - PUBLICATION, DISTRIBUTION, ETC.
Place of publication, distribution, etc. Somerville, Mass. :
Name of publisher, distributor, etc. Candlewick Press,
Date of publication, distribution, etc. 2013.
300 ## - PHYSICAL DESCRIPTION
Extent 466 p. ;
Dimensions 24 cm.
500 ## - GENERAL NOTE
General note "A novel"--Cover.
504 ## - BIBLIOGRAPHY, ETC. NOTE
Bibliography, etc. note Includes bibliographical references (p. 457-466).
520 ## - SUMMARY, ETC.
Summary, etc. Recreates the 1912 sinking of the Titanic as observed by millionaire John Jacob Astor, a beautiful young Lebanese refugee finding first love, "Unsinkable" Molly Brown, Captain Smith, and others including the iceberg itself.
521 1# - TARGET AUDIENCE NOTE
Target audience note Age 14 and up.
610 20 - SUBJECT ADDED ENTRY--CORPORATE NAME
Corporate name or jurisdiction name as entry element Titanic (Steamship)
Form subdivision Juvenile fiction.
610 21 - SUBJECT ADDED ENTRY--CORPORATE NAME
Corporate name or jurisdiction name as entry element Titanic (Steamship)
Form subdivision Fiction.
650 #1 - SUBJECT ADDED ENTRY--TOPICAL TERM
Topical term or geographic name entry element Novels in verse.
650 #1 - SUBJECT ADDED ENTRY--TOPICAL TERM
Topical term or geographic name entry element Shipwrecks
Form subdivision Fiction.
906 ## - LOCAL DATA ELEMENT F, LDF (RLIN)
a 7
b cbc
c origcop
d 2
e ncip
f 20
g y-gencatlg
942 ## - ADDED ENTRY ELEMENTS (KOHA)
Source of classification or shelving scheme
Koha item type Books - Fiction
Holdings
Withdrawn status Lost status Source of classification or shelving scheme Damaged status Not for loan Collection code Permanent Location Current Location Shelving location Date acquired Full call number Barcode Date last seen Price effective from Koha item type
          Fiction KH8 Senior School Library KH8 Senior School Library Fiction 2019-07-29 FIC WOL 3KHSL000101236 2024-07-22 2019-07-29 Books - Fiction

Powered By KH8 IT Dept